[Event "PER-ch sf 48th"]
[Site "Lima"]
[Date "2000.??.??"]
[Round "4"]
[White "Cruz Estrada, Filemon"]
[Black "Robbiano Taboada, Carlos Alberto"]
[Result "1/2-1/2"]
[WhiteElo "2360"]
[BlackElo "2249"]
[PlyCount "22"]
[EventDate "2000.07.24"]
[EventType "swiss"]
[EventRounds "9"]
[EventCountry "PER"]
[SourceTitle "EXT 2001"]
[Source "ChessBase"]
[SourceDate "2000.11.22"]
[SourceVersion "1"]
[SourceVersionDate "2000.11.22"]
[SourceQuality "1"]

1. d4 d6 2. Nf3 g6 3. Bf4 Bg7 4. e3 Bg4 5. Be2 Nd7 6. h3 Bxf3 7. Bxf3 e5 8. Bh2 c6 9. c3 Ngf6 10. Nd2 0-0 11. 0-0 Qe7 1/2-1/2

[Event "PER-ch sf"]
[Site "Lima"]
[Date "1998.??.??"]
[Round "2"]
[White "Esplana, Christian"]
[Black "Robbiano Taboada, Carlos Alberto"]
[Result "1-0"]
[WhiteElo "2150"]
[BlackElo "2260"]
[PlyCount "119"]
[EventDate "1998.??.??"]
[EventType "swiss"]
[EventRounds "11"]
[EventCountry "PER"]
[SourceTitle "EXT 2000"]
[Source "ChessBase"]
[SourceDate "1999.11.16"]
[SourceVersion "1"]
[SourceVersionDate "1999.11.16"]
[SourceQuality "1"]

1. e4 c5 2. Nf3 g6 3. d4 cxd4 4. Nxd4 Nc6 5. Nc3 Bg7 6. Nb3 d6 7. Be2 Nf6 8. 0-0 0-0 9. Bg5 Be6 10. f4 Rc8 11. Bf3 b5 12. Kh1 b4 13. Nd5 Nd7 14. c3 Re8 15. Rc1 bxc3 16. bxc3 a5 17. Qe2 a4 18. Nd2 Qa5 19. Nc4 Qa6 20. Rfd1 Bxd5 21. exd5 Na7 22. Nb2 Qxe2 23. Bxe2 Nb6 24. Rd3 Nb5 25. Nd1 Nd4 26. Bf1 Nxd5 27. f5 Nxc3 28. Rdxc3 Rxc3 29. Nxc3 h6 30. Bd2 gxf5 31. Nxa4 Ra8 32. Nc3 e6 33. Bc4 d5 34. Bd3 Bf8 35. Rb1 Bd6 36. a4 Bc7 37. Nb5 Be5 38. Nxd4 Bxd4 39. a5 Kg7 40. a6 Kf6 41. h3 e5 42. Rb7 e4 43. Bb5 Rc8 44. Bf4 Rc2 45. Rd7 Ra2 46. Rxd5 Bf2 47. Rd6+ Ke7 48. Rd7+ Kf6 49. Rxf7+ Kg6 50. Re7 h5 51. Bc4 Ra4 52. Re6+ Kh7 53. Bb3 Ra1+ 54. Kh2 h4 55. Rh6+ Kg7 56. Be5+ Kxh6 57. Bxa1 Kg5 58. Be5 Ba7 59. g3 hxg3+ 60. Kxg3 1-0